000 00711nam a22002537a 4500
001 37959
003 UA-OsUOA
005 20210813110809.0
007 ta
008 20060420b un ||||| |||| 00| 0 ukr d
020 _a9667305007
040 _aUA-OsUOA
_bukr
_cUA-OsUOA
_dUA-OsUOA
041 _aukr
080 _a821.133.1
090 _a821.133.1
_bП85
100 _aПруст Марсель
245 _aУ пошуках утраченого часу: твори в семи томах
_b роман
260 _aК.
_bЮніверс
_c1999
300 _a476 с.
505 _gТ.3
650 7 _a82 Література. Літературознавство
_2UDC
942 _cBK
_2udc
955 _a3
999 _c324134
_d324134